Geography focus : (Record no. 6190)

MARC details
000 -LEADER
fixed length control field 01186nam a22002657a 4500
001 - CONTROL NUMBER
control field 6190
003 - CONTROL NUMBER IDENTIFIER
control field FISKH
005 - DATE AND TIME OF LATEST TRANSACTION
control field 20250325144810.0
008 - FIXED-LENGTH DATA ELEMENTS--GENERAL INFORMATION
fixed length control field 250325b cb ||||| |||| 00| 0 eng d
020 ## - INTERNATIONAL STANDARD BOOK NUMBER
International Standard Book Number 9780733977374
040 ## - CATALOGING SOURCE
Original cataloging agency FISKH
Language of cataloging eng
Transcribing agency FISKH
Modifying agency FISKH
050 ## - LIBRARY OF CONGRESS CALL NUMBER
Classification number PZ7
082 ## - DEWEY DECIMAL CLASSIFICATION NUMBER
Classification number 910
100 ## - MAIN ENTRY--PERSONAL NAME
Personal name Zuylen, Sue Van
245 ## - TITLE STATEMENT
Title Geography focus :
Statement of responsibility, etc. By Sue Van Zuylen
Remainder of title Teacher's edition /
250 ## - EDITION STATEMENT
Edition statement First published in 2007
260 ## - PUBLICATION, DISTRIBUTION, ETC.
Place of publication, distribution, etc. Melbourne :
Name of publisher, distributor, etc. Pearson Australia ;
Date of publication, distribution, etc. 2007.
300 ## - PHYSICAL DESCRIPTION
Extent 350 pages :
Other physical details color illustrations, maps with CD ;
Dimensions 30 cm .
520 ## - SUMMARY, ETC.
Summary, etc. Geography Focus is a two-book brand-new series specifically written to provide comprehensive coverage of the Stages 4-5 New South Wales Geography syllabus. Stunning visuals, together with the most up-to-date and stimulating material, will engage and motivate students. Geography Focus 1 covers the Stage 4 Global Geography course. Geography Focus 2 is specifically written for the Stage 5 Australian Geography course"--Publisher's website.<br/>
700 ## - ADDED ENTRY--PERSONAL NAME
Personal name Handley, Ray
Relator term Author
700 ## - ADDED ENTRY--PERSONAL NAME
Personal name Trethewy, Glyn
Relator term Author
700 ## - ADDED ENTRY--PERSONAL NAME
Personal name McIsaac, Helen
Relator term Author
942 ## - ADDED ENTRY ELEMENTS (KOHA)
Source of classification or shelving scheme Dewey Decimal Classification
Koha item type Books
Suppress in OPAC No
Holdings
Withdrawn status Lost status Source of classification or shelving scheme Damaged status Not for loan Collection Home library Current library Shelving location Date acquired Total Checkouts Full call number Barcode Date last seen Copy number Price effective from Koha item type
    Dewey Decimal Classification     Non-Fiction Footprints International School Library Network Toul Tom Poung Campus Footprints International School Library Network Toul Tom Poung Campus TTP Secondary Non-Fiction Bookshelves 03/25/2025   ZUY PZ7 910 FISSE04418 03/25/2025 1 03/25/2025 Books
    Dewey Decimal Classification     Non-Fiction Footprints International School Library Network Toul Tom Poung Campus Footprints International School Library Network Toul Tom Poung Campus TTP Secondary Non-Fiction Bookshelves 03/25/2025   ZUY PZ7 910 FISSE04491 03/25/2025 2 03/25/2025 Books